<?xml version="1.0" encoding="UTF-8"?>
<record
    xmlns:xsi="http://www.w3.org/2001/XMLSchema-instance"
    xsi:schemaLocation="http://www.loc.gov/MARC21/slim http://www.loc.gov/standards/marcxml/schema/MARC21slim.xsd"
    xmlns="http://www.loc.gov/MARC21/slim">

  <leader>00526nam a2200181Ia 4500</leader>
  <controlfield tag="008">220530s9999    xx            000 0 und d</controlfield>
  <datafield tag="020" ind1=" " ind2=" ">
    <subfield code="a">9788126529919</subfield>
  </datafield>
  <datafield tag="041" ind1=" " ind2=" ">
    <subfield code="a">eng</subfield>
  </datafield>
  <datafield tag="082" ind1=" " ind2=" ">
    <subfield code="a">621.38413</subfield>
    <subfield code="b">VAR</subfield>
  </datafield>
  <datafield tag="100" ind1=" " ind2=" ">
    <subfield code="a">Varadan, Vijay K.</subfield>
    <subfield code="9">58917</subfield>
  </datafield>
  <datafield tag="245" ind1=" " ind2=" ">
    <subfield code="a">RF MEMS and Their Applications</subfield>
  </datafield>
  <datafield tag="250" ind1=" " ind2=" ">
    <subfield code="a">1st</subfield>
  </datafield>
  <datafield tag="260" ind1=" " ind2=" ">
    <subfield code="a">New Delhi</subfield>
    <subfield code="b">Wiley &amp; Sons Publication</subfield>
    <subfield code="c">2011</subfield>
  </datafield>
  <datafield tag="300" ind1=" " ind2=" ">
    <subfield code="a">XII; 394 p.</subfield>
    <subfield code="b">PB</subfield>
  </datafield>
  <datafield tag="500" ind1=" " ind2=" ">
    <subfield code="a">Sold By S.S.S. Enterprises,Coimbatore, Tamil Nadu</subfield>
  </datafield>
  <datafield tag="700" ind1=" " ind2=" ">
    <subfield code="a"> Jose, K. A. Vinoy, K. J. </subfield>
    <subfield code="9">58918</subfield>
  </datafield>
  <datafield tag="906" ind1=" " ind2=" ">
    <subfield code="a">0</subfield>
    <subfield code="b">ETC</subfield>
  </datafield>
  <datafield tag="999" ind1=" " ind2=" ">
    <subfield code="c">52891</subfield>
    <subfield code="d">52891</subfield>
  </datafield>
  <datafield tag="952" ind1=" " ind2=" ">
    <subfield code="0">0</subfield>
    <subfield code="1">0</subfield>
    <subfield code="4">0</subfield>
    <subfield code="7">0</subfield>
    <subfield code="8">Electronic &amp; Telecommunication Engineering</subfield>
    <subfield code="a">CEWN</subfield>
    <subfield code="b">CEWN</subfield>
    <subfield code="d">2017-10-16</subfield>
    <subfield code="e">Saraswati Book House, Noida ,Uttar Pradesh</subfield>
    <subfield code="g">939.00</subfield>
    <subfield code="o">621.38413/VAR/ </subfield>
    <subfield code="p">CEWN-BK-8047</subfield>
    <subfield code="r">2022-05-30 00:00:00</subfield>
    <subfield code="v">939.00</subfield>
    <subfield code="w">2022-05-30</subfield>
    <subfield code="y">BK</subfield>
    <subfield code="z">008047</subfield>
  </datafield>
  <datafield tag="952" ind1=" " ind2=" ">
    <subfield code="0">0</subfield>
    <subfield code="1">0</subfield>
    <subfield code="4">0</subfield>
    <subfield code="7">0</subfield>
    <subfield code="8">Electronic &amp; Telecommunication Engineering</subfield>
    <subfield code="a">CEWN</subfield>
    <subfield code="b">CEWN</subfield>
    <subfield code="d">2017-10-16</subfield>
    <subfield code="e">Saraswati Book House, Noida ,Uttar Pradesh</subfield>
    <subfield code="g">939.00</subfield>
    <subfield code="o">621.38413/VAR/ </subfield>
    <subfield code="p">CEWN-BK-8048</subfield>
    <subfield code="r">2022-05-30 00:00:00</subfield>
    <subfield code="v">939.00</subfield>
    <subfield code="w">2022-05-30</subfield>
    <subfield code="y">BK</subfield>
    <subfield code="z">008048</subfield>
  </datafield>
  <datafield tag="952" ind1=" " ind2=" ">
    <subfield code="0">0</subfield>
    <subfield code="1">0</subfield>
    <subfield code="4">0</subfield>
    <subfield code="7">0</subfield>
    <subfield code="8">Electronic &amp; Telecommunication Engineering</subfield>
    <subfield code="a">CEWN</subfield>
    <subfield code="b">CEWN</subfield>
    <subfield code="d">2017-10-16</subfield>
    <subfield code="e">Saraswati Book House, Noida ,Uttar Pradesh</subfield>
    <subfield code="g">939.00</subfield>
    <subfield code="o">621.38413/VAR/ </subfield>
    <subfield code="p">CEWN-BK-8049</subfield>
    <subfield code="r">2022-05-30 00:00:00</subfield>
    <subfield code="v">939.00</subfield>
    <subfield code="w">2022-05-30</subfield>
    <subfield code="y">BK</subfield>
    <subfield code="z">008049</subfield>
  </datafield>
</record>
